[Event "XtraCon-Skakligaen"]
[Site "Denmark"]
[Date "2010.02.21"]
[Round "7.4"]
[White "Hansen, Evgenia Peicheva"]
[Black "Kristensen, Kaare Hove"]
[Result "1-0"]
[WhiteElo "2164"]
[BlackElo "2258"]
[PlyCount "57"]
[EventDate "2009.11.07"]
[EventType "team-tourn"]
[EventRounds "9"]
[WhiteTeam "Naestved"]
[BlackTeam "Nordkalotten"]
[WhiteTeamCountry "DEN"]
[BlackTeamCountry "DEN"]

1. d4 d5 2. Bg5 c5 3. e3 cxd4 4. exd4 Qb6 5. Nc3 Be6 6. Na4 Qc7 7. Nc5 Bc8 8.
Nf3 e5 9. Bb5+ Nc6 10. O-O Bxc5 11. dxc5 Be6 12. Re1 f6 13. Bh4 Nge7 14. Bg3
O-O 15. c3 Nf5 16. b4 Rfd8 17. Nd4 Ncxd4 18. cxd4 a6 19. Ba4 Qf7 20. dxe5 Nxg3
21. hxg3 fxe5 22. Rxe5 d4 23. Rxe6 Qxe6 24. Bb3 Rd5 25. Qf3 Rad8 26. Rd1 Qe5
27. Kf1 h6 28. Qe2 Qf6 29. Qe4 1-0

[Event "XtraCon-Skakligaen"]
[Site "Denmark"]
[Date "2010.02.21"]
[Round "7.5"]
[White "Nielsen, Lars Aaes"]
[Black "Schyberg, Brian"]
[Result "1-0"]
[WhiteElo "2248"]
[BlackElo "2126"]
[PlyCount "29"]
[EventDate "2009.11.07"]
[EventType "team-tourn"]
[EventRounds "9"]
[WhiteTeam "Nordkalotten"]
[BlackTeam "Naestved"]
[WhiteTeamCountry "DEN"]
[BlackTeamCountry "DEN"]

1. e4 Nc6 2. Nf3 Nf6 3. e5 Ng4 4. d4 d6 5. h3 Nh6 6. Bxh6 gxh6 7. Bb5 a6 8.
Bxc6+ bxc6 9. Nc3 Rb8 10. b3 Rg8 11. Qe2 Qd7 12. Ne4 c5 13. exd6 Bg7 14. Ne5
Qd8 15. Nc6 1-0

[Event "XtraCon-Skakligaen"]
[Site "Denmark"]
[Date "2010.02.21"]
[Round "7.6"]
[White "Hansen, Martin"]
[Black "Ejsing, Esben"]
[Result "1-0"]
[WhiteElo "2082"]
[BlackElo "2141"]
[PlyCount "105"]
[EventDate "2009.11.07"]
[EventType "team-tourn"]
[EventRounds "9"]
[WhiteTeam "Naestved"]
[BlackTeam "Nordkalotten"]
[WhiteTeamCountry "DEN"]
[BlackTeamCountry "DEN"]

1. e4 c5 2. c3 b6 3. d4 Bb7 4. Bd3 Nf6 5. Nd2 g6 6. Ne2 Bg7 7. O-O O-O 8. a3
Nc6 9. Bb1 cxd4 10. cxd4 d6 11. b4 Rc8 12. Bb2 d5 13. e5 Ne8 14. Nf4 Nc7 15.
Qg4 a5 16. bxa5 Nxa5 17. Ba2 b5 18. Bc3 Nc4 19. Bb4 Ra8 20. Bb3 Na6 21. Nf3 Bc8
22. Qg3 Bf5 23. Bxc4 bxc4 24. Bc3 Nc7 25. Nd2 Bh6 26. a4 Qd7 27. Qh4 Kg7 28.
Nxc4 Qc6 29. Ne3 Qxc3 30. Nh5+ Kg8 31. Qxe7 Bxe3 32. Nf6+ Kg7 33. fxe3 Ra6 34.
Rac1 Qxe3+ 35. Kh1 Ne8 36. Nxe8+ Rxe8 37. Qxe8 Re6 38. Qd8 Qd2 39. Rc8 Kh6 40.
Qh4+ Kg7 41. Rcc1 Rb6 42. Qf2 Qd3 43. a5 Rb4 44. Ra1 Qc3 45. a6 Rb2 46. Qf3 Qc2
47. a7 Be4 48. Qf6+ Kh6 49. Qh4+ Kg7 50. Rxf7+ Kxf7 51. Qf6+ Ke8 52. a8=Q+ Kd7
53. Qad8# 1-0

[Event "XtraCon-Skakligaen"]
[Site "Denmark"]
[Date "2010.02.21"]
[Round "7.7"]
[White "Koch, Soren Andreas"]
[Black "Pedersen, Dimon Paul"]
[Result "0-1"]
[WhiteElo "2189"]
[BlackElo "2085"]
[PlyCount "60"]
[EventDate "2009.11.07"]
[EventType "team-tourn"]
[EventRounds "9"]
[WhiteTeam "Nordkalotten"]
[BlackTeam "Naestved"]
[WhiteTeamCountry "DEN"]
[BlackTeamCountry "DEN"]

1. d4 Nf6 2. g3 g6 3. Bg2 d5 4. Nf3 Bg7 5. O-O O-O 6. b3 c5 7. Bb2 Ne4 8. c4
dxc4 9. Qc2 Nd6 10. dxc5 cxb3 11. axb3 Bxb2 12. Qxb2 Nb5 13. Nc3 Nxc3 14. Qxc3
Qc7 15. Rac1 Bd7 16. b4 a6 17. Ne5 Nc6 18. Nc4 Rad8 19. Rfd1 Bg4 20. Bxc6 Rxd1+
21. Rxd1 Bxe2 22. Rd7 Qxc6 23. Ne5 Qe4 24. f3 Qb1+ 25. Kf2 Bb5 26. Rxe7 Qa2+
27. Ke3 g5 28. Ke4 f5+ 29. Ke3 Qe2+ 30. Kd4 Rd8+ 0-1

[Event "XtraCon-Skakligaen"]
[Site "Denmark"]
[Date "2010.02.28"]
[Round "7.1"]
[White "Aabling Thomsen, Jakob"]
[Black "Pedersen, Daniel V"]
[Result "1/2-1/2"]
[WhiteElo "2312"]
[BlackElo "2303"]
[PlyCount "91"]
[EventDate "2009.11.07"]
[EventType "team-tourn"]
[EventRounds "9"]
[WhiteTeam "Norresundby"]
[BlackTeam "Aalborg"]
[WhiteTeamCountry "DEN"]
[BlackTeamCountry "DEN"]

1. e4 e5 2. Nf3 Nc6 3. d4 exd4 4. Nxd4 Nf6 5. Nxc6 bxc6 6. Bd3 d5 7. e5 Ng4 8.
O-O Bc5 9. Qe2 Qe7 10. Bf4 g5 11. Bd2 Nxe5 12. Re1 Bd6 13. Nc3 f6 14. f4 gxf4
15. Bxf4 Bd7 16. a3 O-O 17. Qh5 Qf7 18. Qh4 Kh8 19. Rf1 Rg8 20. Be3 Nxd3 21.
cxd3 Rg6 22. Bd4 Be7 23. Rae1 Rf8 24. b4 a5 25. bxa5 c5 26. Rxe7 Qxe7 27. Nxd5
Qg7 28. Bxf6 Rfxf6 29. Nxf6 Rxg2+ 30. Kh1 Bc6 31. Ne4 h6 32. Qh3 Rg4 33. Qf3 c4
34. h3 Rg3 35. Qf8+ Qxf8 36. Rxf8+ Kg7 37. Rc8 Bxe4+ 38. dxe4 Rxh3+ 39. Kg2
Rxa3 40. Rxc7+ Kf6 41. Rc5 Kg6 42. Kf2 h5 43. Kg2 h4 44. Kh2 Kf6 45. Kg2 Ke6
46. Rxc4 1/2-1/2

[Event "XtraCon-Skakligaen"]
[Site "Denmark"]
[Date "2010.02.28"]
[Round "7.3"]
[White "Jorgensen, Jorgen"]
[Black "Nielsen, Jorgen G"]
[Result "1-0"]
[WhiteElo "2315"]
[BlackElo "2171"]
[PlyCount "57"]
[EventDate "2009.11.07"]
[EventType "team-tourn"]
[EventRounds "9"]
[WhiteTeam "Norresundby"]
[BlackTeam "Aalborg"]
[WhiteTeamCountry "DEN"]
[BlackTeamCountry "DEN"]

1. Nf3 Nf6 2. g3 d5 3. Bg2 c5 4. O-O Nc6 5. d4 e6 6. c4 dxc4 7. Qa4 Bd7 8. Qxc4
Qb6 9. dxc5 Bxc5 10. Nc3 Qb4 11. Qd3 Bb6 12. a3 Qe7 13. Bg5 h6 14. Bxf6 gxf6
15. Ne4 Bc7 16. Qc3 e5 17. Rfd1 Be6 18. b4 a6 19. Nc5 Bb6 20. Nxb7 Nd4 21. Nxd4
Bxd4 22. Qc6+ Kf8 23. Rab1 Kg7 24. e3 Rac8 25. Qxa6 Bc3 26. Nc5 Rhd8 27. Rd3
Bf5 28. e4 Ra8 29. Qc4 1-0

[Event "XtraCon-Skakligaen"]
[Site "Denmark"]
[Date "2010.02.28"]
[Round "7.4"]
[White "Nielsen, Finn Winther"]
[Black "Sorensen, Bent"]
[Result "0-1"]
[WhiteElo "2028"]
[BlackElo "2240"]
[PlyCount "68"]
[EventDate "2009.11.07"]
[EventType "team-tourn"]
[EventRounds "9"]
[WhiteTeam "Aalborg"]
[BlackTeam "Norresundby"]
[WhiteTeamCountry "DEN"]
[BlackTeamCountry "DEN"]

1. e4 e6 2. d4 d5 3. Nc3 Bb4 4. e5 c5 5. a3 Bxc3+ 6. bxc3 Qc7 7. Bd2 Nc6 8. Bb5
Bd7 9. Qg4 O-O-O 10. Bxc6 Qxc6 11. Ne2 Ne7 12. O-O Rhg8 13. Ng3 Qa4 14. Rfc1
Nc6 15. Qf4 cxd4 16. Ne2 g5 17. Qg3 dxc3 18. Bxc3 Qc4 19. Qe3 Kb8 20. Rab1 Rc8
21. Nd4 Nd8 22. Bb4 b6 23. Bd6+ Ka8 24. c3 Nb7 25. Rb4 Qa6 26. Be7 Nc5 27. Nb3
Nd3 28. Nd4 Nxc1 29. Qxc1 Qd3 30. g3 Rxc3 31. Qb2 Qd1+ 32. Kg2 Rc1 33. Qe2 Qh1+
34. Kh3 g4+ 0-1

[Event "XtraCon-Skakligaen"]
[Site "Denmark"]
[Date "2010.02.28"]
[Round "7.5"]
[White "Kolbak, Jens"]
[Black "Andersen, Soren"]
[Result "1-0"]
[WhiteElo "2344"]
[BlackElo "2082"]
[PlyCount "73"]
[EventDate "2009.11.07"]
[EventType "team-tourn"]
[EventRounds "9"]
[WhiteTeam "Norresundby"]
[BlackTeam "Aalborg"]
[WhiteTeamCountry "DEN"]
[BlackTeamCountry "DEN"]

1. f4 d5 2. Nf3 Nf6 3. e3 Bg4 4. h3 Bxf3 5. Qxf3 Nbd7 6. d4 c5 7. Nd2 g6 8. c3
Bg7 9. Bd3 Qb6 10. O-O O-O 11. Rb1 e6 12. Qf2 cxd4 13. exd4 Ne8 14. Nf3 Nd6 15.
Be3 f5 16. Ne5 Qc7 17. Qc2 Rfc8 18. g4 Rab8 19. Qg2 b5 20. Kh1 Ne4 21. Rg1 Nxe5
22. fxe5 Kh8 23. gxf5 gxf5 24. Bxe4 dxe4 25. Qd2 Rg8 26. Rg2 Qf7 27. Kh2 Rbf8
28. Bf4 h5 29. Rbg1 Kh7 30. Rg6 Qxg6 31. Rxg6 Kxg6 32. Qg2+ Kf7 33. Qe2 Rb8 34.
Qxh5+ Ke7 35. d5 exd5 36. Qxf5 Rbf8 37. Bg5+ 1-0

[Event "XtraCon-Skakligaen"]
[Site "Denmark"]
[Date "2010.02.28"]
[Round "7.6"]
[White "Hansen, John Nyholm"]
[Black "Pedersen, Svend"]
[Result "1/2-1/2"]
[WhiteElo "2089"]
[BlackElo "2253"]
[PlyCount "100"]
[EventDate "2009.11.07"]
[EventType "team-tourn"]
[EventRounds "9"]
[WhiteTeam "Aalborg"]
[BlackTeam "Norresundby"]
[WhiteTeamCountry "DEN"]
[BlackTeamCountry "DEN"]

1. e4 d6 2. d4 Nf6 3. Nc3 g6 4. Nf3 Bg7 5. Be2 O-O 6. O-O c6 7. a4 Nbd7 8. Re1
e5 9. h3 Qe7 10. Bf1 Re8 11. Be3 h6 12. Qd2 Kh7 13. Rad1 Nf8 14. b3 g5 15. dxe5
dxe5 16. Bc4 g4 17. hxg4 Nxg4 18. Bg5 Bf6 19. Bxf6 Qxf6 20. Qd6 Be6 21. Ne2
Bxc4 22. bxc4 Ne6 23. c3 Rg8 24. Ng3 Rad8 25. Qa3 Ng5 26. Nxg5+ Qxg5 27. Qc1
Qh4 28. Rxd8 Rxd8 29. Rd1 Qg5 30. Qc2 Rxd1+ 31. Qxd1 Qf4 32. Qe1 Nf6 33. f3 Ne8
34. Nf5 Ng7 35. Nxg7 Kxg7 36. Kf2 Qh4+ 37. g3 Qh2+ 38. Ke3 Qc2 39. Qa1 Qg2 40.
g4 Qc2 41. Qa3 a5 42. Qc5 Qxc3+ 43. Ke2 Kg6 44. Qd6+ Kg7 45. c5 Qb2+ 46. Ke3
Qc1+ 47. Ke2 Qc3 48. Qe7 Qb2+ 49. Ke3 b6 50. g5 Qd4+ 1/2-1/2

[Event "XtraCon-Skakligaen"]
[Site "Denmark"]
[Date "2010.02.28"]
[Round "7.7"]
[White "Christiansen, Jens Jorgen"]
[Black "Sonderstrup, Bjarne"]
[Result "1/2-1/2"]
[WhiteElo "2197"]
[BlackElo "2094"]
[PlyCount "47"]
[EventDate "2009.11.07"]
[EventType "team-tourn"]
[EventRounds "9"]
[WhiteTeam "Norresundby"]
[BlackTeam "Aalborg"]
[WhiteTeamCountry "DEN"]
[BlackTeamCountry "DEN"]

1. d4 Nf6 2. Nf3 e6 3. c4 Bb4+ 4. Nbd2 b6 5. g3 Bb7 6. Bg2 O-O 7. O-O Re8 8.
Qc2 Bxd2 9. Bxd2 Be4 10. Qc3 h6 11. b4 d6 12. Rfd1 Nbd7 13. c5 Nd5 14. Qc4 N7f6
15. Rac1 a6 16. a4 Qb8 17. cxd6 cxd6 18. b5 axb5 19. Qxb5 Qa7 20. Rc4 Rec8 21.
Rdc1 Rxc4 22. Rxc4 Qa6 23. Qxa6 Rxa6 24. Rc8+ 1/2-1/2

[Event "XtraCon-Skakligaen"]
[Site "Denmark"]
[Date "2010.02.28"]
[Round "7.8"]
[White "Kovshoj, Sune"]
[Black "Nielsen, John Bauneborg"]
[Result "1/2-1/2"]
[WhiteElo "2037"]
[BlackElo "2171"]
[PlyCount "48"]
[EventDate "2009.11.07"]
[EventType "team-tourn"]
[EventRounds "9"]
[WhiteTeam "Aalborg"]
[BlackTeam "Norresundby"]
[WhiteTeamCountry "DEN"]
[BlackTeamCountry "DEN"]

1. e4 c5 2. c3 d6 3. d4 Nf6 4. dxc5 Nc6 5. cxd6 Nxe4 6. Bd3 Nxd6 7. Nf3 g6 8.
Bf4 Bg7 9. Na3 O-O 10. Qe2 e5 11. Bg5 f6 12. Be3 e4 13. Bc4+ Kh8 14. Nd4 Ne5
15. O-O Bg4 16. f3 exf3 17. gxf3 Bh3 18. Rfd1 Qe7 19. Bf2 Ndxc4 20. Nxc4 Rae8
21. Re1 Qc7 22. Nd2 a6 23. Bg3 Qf7 24. Ne4 Qe7 1/2-1/2

[Event "XtraCon-Skakligaen"]
[Site "Denmark"]
[Date "2010.02.21"]
[Round "7.1"]
[White "Lund, Silas"]
[Black "Hillarp Persson, Tiger"]
[Result "0-1"]
[WhiteElo "2411"]
[BlackElo "2576"]
[PlyCount "60"]
[EventDate "2009.11.07"]
[EventType "team-tourn"]
[EventRounds "9"]
[WhiteTeam "K41"]
[BlackTeam "Bronshoj"]
[WhiteTeamCountry "DEN"]
[BlackTeamCountry "DEN"]

1. d4 e6 2. c4 c5 3. d5 exd5 4. cxd5 d6 5. e4 g6 6. Bd3 Bg7 7. Ne2 Nf6 8. O-O
O-O 9. Nbc3 a6 10. a4 Nbd7 11. Ng3 Re8 12. f4 Rb8 13. Qf3 b5 14. axb5 c4 15.
Bxc4 axb5 16. Nxb5 Rxb5 17. Bxb5 Qb6+ 18. Be3 Qxb5 19. Ra8 Nb6 20. Bxb6 Qxb6+
21. Kh1 Qxb2 22. h3 h5 23. e5 dxe5 24. Ne4 Nxe4 25. Qxe4 Kh7 26. Rb1 Qd2 27.
Qb4 Qxd5 28. Ra5 Qd4 29. Qxd4 exd4 30. Ra8 h4 0-1

[Event "XtraCon-Skakligaen"]
[Site "Denmark"]
[Date "2010.02.21"]
[Round "7.2"]
[White "Bromann, Thorbjorn"]
[Black "Ost Hansen, Jacob"]
[Result "1/2-1/2"]
[WhiteElo "2434"]
[BlackElo "2380"]
[PlyCount "52"]
[EventDate "2009.11.07"]
[EventType "team-tourn"]
[EventRounds "9"]
[WhiteTeam "Bronshoj"]
[BlackTeam "K41"]
[WhiteTeamCountry "DEN"]
[BlackTeamCountry "DEN"]

1. d4 Nf6 2. Nc3 d5 3. Bg5 Nbd7 4. Qd3 c6 5. Nf3 g6 6. e4 dxe4 7. Nxe4 Bg7 8.
Ng3 O-O 9. O-O-O Qa5 10. Kb1 e5 11. h4 exd4 12. Nxd4 Nc5 13. Qc4 Nfe4 14. b4
Qa3 15. Nxe4 Nxe4 16. Rd3 Qa4 17. Be3 c5 18. Nb5 Qxb4+ 19. Qxb4 cxb4 20. Nc7
Bf5 21. Nxa8 Rxa8 22. g4 Bxg4 23. Bh3 Bf3 24. Re1 Nc3+ 25. Kb2 Be4 26. Rd7 Bc6
1/2-1/2

[Event "XtraCon-Skakligaen"]
[Site "Denmark"]
[Date "2010.02.21"]
[Round "7.3"]
[White "Hagen, Andreas Skytte"]
[Black "Hoi, Carsten"]
[Result "1-0"]
[WhiteElo "2331"]
[BlackElo "2393"]
[PlyCount "89"]
[EventDate "2009.11.07"]
[EventType "team-tourn"]
[EventRounds "9"]
[WhiteTeam "K41"]
[BlackTeam "Bronshoj"]
[WhiteTeamCountry "DEN"]
[BlackTeamCountry "DEN"]

1. d4 Nf6 2. c4 c5 3. d5 d6 4. Nc3 g6 5. e4 Bg7 6. Bd3 O-O 7. h3 a6 8. a4 e6 9.
Nf3 exd5 10. cxd5 Nbd7 11. O-O Nh5 12. Bg5 Qe8 13. Re1 Ne5 14. Be2 f5 15. exf5
Bxf5 16. g4 Bxg4 17. hxg4 Nxg4 18. Bh4 Qd7 19. Ng5 Ne5 20. Ne6 Nf4 21. Bg4 Nxg4
22. Qxg4 Be5 23. Bg3 h5 24. Qh4 Nxe6 25. Qh3 Rae8 26. Bxe5 dxe5 27. dxe6 Rxe6
28. Rxe5 Rd6 29. Qxd7 Rxd7 30. Rae1 Rd2 31. R1e2 Rfd8 32. Rxd2 Rxd2 33. Ne4
Rxb2 34. Nxc5 Ra2 35. Nxb7 Rxa4 36. Re6 Kg7 37. Kg2 Ra2 38. Nc5 a5 39. Nd3 Kf7
40. Ra6 g5 41. Ne5+ Ke8 42. Rg6 h4 43. Rxg5 h3+ 44. Kg3 Re2 45. Ng4 1-0

[Event "XtraCon-Skakligaen"]
[Site "Denmark"]
[Date "2010.02.21"]
[Round "7.4"]
[White "Bekker Jensen, Simon"]
[Black "Greger, Roland Reinhard"]
[Result "1-0"]
[WhiteElo "2407"]
[BlackElo "2382"]
[PlyCount "77"]
[EventDate "2009.11.07"]
[EventType "team-tourn"]
[EventRounds "9"]
[WhiteTeam "Bronshoj"]
[BlackTeam "K41"]
[WhiteTeamCountry "DEN"]
[BlackTeamCountry "DEN"]

1. d4 Nf6 2. c4 c5 3. d5 g6 4. Nc3 d6 5. e4 Bg7 6. Be2 O-O 7. Bg5 h6 8. Bf4 e6
9. dxe6 Bxe6 10. Qd2 Nc6 11. Bxh6 Bxh6 12. Qxh6 Nd4 13. Qd2 Qa5 14. Bd3 Nb3 15.
axb3 Qxa1+ 16. Nd1 b5 17. h4 bxc4 18. bxc4 Rfe8 19. Ne2 Rab8 20. h5 Nxh5 21.
Qg5 Kf8 22. g4 Bxg4 23. Qxg4 Rxb2 24. Nf4 Qa5+ 25. Kf1 Nxf4 26. Qxf4 Rd2 27.
Be2 Re6 28. Qg5 Rxd1+ 29. Bxd1 Rxe4 30. Kg2 Kg7 31. Bf3 Re5 32. Qh6+ Kf6 33.
Qh8+ Ke7 34. Rb1 Qd2 35. Bg4 Rf5 36. Rb7+ Ke6 37. Qe8+ Kf6 38. Rxf7+ Kg5 39.
Bxf5 1-0

[Event "XtraCon-Skakligaen"]
[Site "Denmark"]
[Date "2010.02.21"]
[Round "7.5"]
[White "Rasmussen, Casper Dahl"]
[Black "Carstensen, Jacob"]
[Result "0-1"]
[WhiteElo "2373"]
[BlackElo "2317"]
[PlyCount "96"]
[EventDate "2009.11.07"]
[EventType "team-tourn"]
[EventRounds "9"]
[WhiteTeam "K41"]
[BlackTeam "Bronshoj"]
[WhiteTeamCountry "DEN"]
[BlackTeamCountry "DEN"]

1. d4 Nf6 2. Nf3 e6 3. e3 c5 4. Bd3 Nc6 5. O-O d5 6. b3 Bd6 7. Bb2 O-O 8. Ne5
Qc7 9. Nxc6 bxc6 10. h3 cxd4 11. exd4 e5 12. dxe5 Bxe5 13. Bxe5 Qxe5 14. Nd2
Nh5 15. Re1 Qg5 16. Nf3 Qf6 17. Ne5 g6 18. Qf3 Qxf3 19. Nxf3 Nf4 20. Re7 c5 21.
Rae1 a5 22. Bb5 Be6 23. Re5 Rfd8 24. g3 Nh5 25. Ng5 Ng7 26. Rc7 h6 27. Nxe6
Nxe6 28. Rb7 Rd6 29. Kg2 Kf8 30. f4 Nd4 31. Bd3 Nc6 32. Re2 a4 33. Rb6 axb3 34.
cxb3 Rad8 35. Rd2 c4 36. Be2 c3 37. Rc2 Nd4 38. Rxd6 Rxd6 39. Rxc3 Nxe2 40. Rd3
d4 41. b4 Nc1 42. Rd2 d3 43. a3 Nb3 44. Rd1 d2 45. Kf2 Ra6 46. Ke2 Rxa3 47. Rb1
Ke7 48. b5 Kd6 0-1

[Event "XtraCon-Skakligaen"]
[Site "Denmark"]
[Date "2010.02.21"]
[Round "7.6"]
[White "Bekker Jensen, David"]
[Black "Schmidt, Kristen"]
[Result "0-1"]
[WhiteElo "2343"]
[BlackElo "2281"]
[PlyCount "80"]
[EventDate "2009.11.07"]
[EventType "team-tourn"]
[EventRounds "9"]
[WhiteTeam "Bronshoj"]
[BlackTeam "K41"]
[WhiteTeamCountry "DEN"]
[BlackTeamCountry "DEN"]

1. d4 Nf6 2. c4 g6 3. g3 Bg7 4. Bg2 O-O 5. Nc3 d6 6. Nf3 Nc6 7. O-O a6 8. Re1
Rb8 9. Rb1 e5 10. d5 Nd4 11. Nxd4 exd4 12. Qxd4 Bf5 13. Ra1 b5 14. cxb5 axb5
15. Qb4 Re8 16. e4 Bc8 17. a4 Nd7 18. Nxb5 Ne5 19. Ra3 Bd7 20. f4 c5 21. dxc6
Nxc6 22. Qd2 d5 23. Qxd5 Nb4 24. Qd1 Bxb5 25. axb5 Qb6+ 26. Be3 Qxb5 27. Qe2
Qxe2 28. Rxe2 Rbc8 29. Ra4 Nc2 30. Bf2 Red8 31. h3 Rd1+ 32. Kh2 Nd4 33. Re1 Rd2
34. Kg1 Rcc2 35. Rf1 Ne2+ 36. Kh2 Bxb2 37. Ra8+ Kg7 38. Ra2 Nc3 39. Rxb2 Rxb2
40. Kg1 Nd1 0-1

[Event "XtraCon-Skakligaen"]
[Site "Denmark"]
[Date "2010.02.21"]
[Round "7.8"]
[White "Palm, Nikolaj"]
[Black "Christensen, Bo Garner"]
[Result "1/2-1/2"]
[WhiteElo "2276"]
[BlackElo "2280"]
[PlyCount "108"]
[EventDate "2009.11.07"]
[EventType "team-tourn"]
[EventRounds "9"]
[WhiteTeam "Bronshoj"]
[BlackTeam "K41"]
[WhiteTeamCountry "DEN"]
[BlackTeamCountry "DEN"]

1. d4 Nf6 2. Nf3 g6 3. b3 Bg7 4. Bb2 c5 5. e3 O-O 6. Be2 b6 7. O-O Bb7 8. c4
cxd4 9. exd4 d5 10. c5 Ne4 11. cxb6 Qxb6 12. Nc3 Nxc3 13. Bxc3 Nc6 14. Qd3 Rfd8
15. Rfd1 a5 16. Qb5 Qc7 17. Qa4 Qd6 18. Rac1 Rdb8 19. Bd2 e5 20. dxe5 Nxe5 21.
Bf4 f6 22. Qd4 Re8 23. h3 Rad8 24. Rc2 Ba6 25. Bxa6 Nxf3+ 26. gxf3 Qxa6 27. Rc7
Qe2 28. Kg2 Re7 29. Rd2 Qe6 30. Qa7 Rdd7 31. Rc8+ Kf7 32. Qxa5 g5 33. Bb8 h5
34. Qc3 g4 35. fxg4 hxg4 36. hxg4 Qxg4+ 37. Bg3 Re1 38. Rd4 Qe2 39. Qd3 Qh5 40.
Rh4 Qd1 41. Qxd1 Rxd1 42. Rc2 f5 43. Bf4 Re7 44. Rh1 Rxh1 45. Kxh1 Re4 46. Bc7
d4 47. Kg2 Bh6 48. f4 Bxf4 49. Bxf4 Rxf4 50. Kg3 Re4 51. Kf3 Kf6 52. Rc8 Ke5
53. Re8+ Kd5 54. Rf8 Ke5 1/2-1/2

[Event "XtraCon-Skakligaen"]
[Site "Denmark"]
[Date "2010.02.21"]
[Round "7.1"]
[White "Rasmussen, Allan Stig"]
[Black "Rasmussen, Karsten"]
[Result "1/2-1/2"]
[WhiteElo "2534"]
[BlackElo "2429"]
[PlyCount "49"]
[EventDate "2009.11.07"]
[EventType "team-tourn"]
[EventRounds "9"]
[WhiteTeam "Jetsmark"]
[BlackTeam "Aarhus/skolerne"]
[WhiteTeamCountry "DEN"]
[BlackTeamCountry "DEN"]

1. e4 c5 2. Nf3 d6 3. d4 cxd4 4. Nxd4 Nf6 5. Nc3 Nc6 6. Bg5 e6 7. Qd2 Be7 8.
O-O-O O-O 9. f3 Nxd4 10. Qxd4 a6 11. Qd2 b5 12. Ne2 Bb7 13. Nd4 Rc8 14. h4 Nd7
15. Kb1 d5 16. exd5 Bxd5 17. Nf5 Bf6 18. Ne3 Bc6 19. Ng4 Be7 20. Bd3 f6 21. Qe2
Bd5 22. Ne3 Bc6 23. Ng4 Bd5 24. Ne3 Bc6 25. Ng4 1/2-1/2

[Event "XtraCon-Skakligaen"]
[Site "Denmark"]
[Date "2010.02.21"]
[Round "7.3"]
[White "Pedersen, Christian Kyndel"]
[Black "Skytte, Rasmus"]
[Result "0-1"]
[WhiteElo "2452"]
[BlackElo "2386"]
[PlyCount "66"]
[EventDate "2009.11.07"]
[EventType "team-tourn"]
[EventRounds "9"]
[WhiteTeam "Jetsmark"]
[BlackTeam "Aarhus/skolerne"]
[WhiteTeamCountry "DEN"]
[BlackTeamCountry "DEN"]

1. c4 e5 2. Nc3 Nc6 3. g3 f5 4. Bg2 Nf6 5. d3 Bb4 6. Bd2 O-O 7. e3 d6 8. Nge2
Be6 9. Qb3 Qe8 10. a3 Bxc3 11. Nxc3 Rb8 12. Nd5 Qf7 13. Rc1 e4 14. Nxf6+ Qxf6
15. Qc3 Ne5 16. Bf1 d5 17. cxd5 Bxd5 18. d4 Nf3+ 19. Kd1 c6 20. Rc2 b5 21. Kc1
Qe6 22. Qa5 Nxd4 23. exd4 e3 24. Bxe3 Bxh1 25. Qxa7 Be4 26. Rc3 Qa2 27. Bd3
Qa1+ 28. Kc2 b4 29. Rc5 Bxd3+ 30. Kxd3 Qd1+ 31. Bd2 bxa3 32. bxa3 Rb3+ 33. Rc3
Rb2 0-1

[Event "XtraCon-Skakligaen"]
[Site "Denmark"]
[Date "2010.02.21"]
[Round "7.4"]
[White "Jacobsen, Bo"]
[Black "Baekgaard, Martin"]
[Result "1-0"]
[WhiteElo "2306"]
[BlackElo "2287"]
[PlyCount "93"]
[EventDate "2009.11.07"]
[EventType "team-tourn"]
[EventRounds "9"]
[WhiteTeam "Aarhus/skolerne"]
[BlackTeam "Jetsmark"]
[WhiteTeamCountry "DEN"]
[BlackTeamCountry "DEN"]

1. Nf3 Nf6 2. c4 c6 3. b3 d5 4. Bb2 Bg4 5. e3 Nbd7 6. Qc2 e6 7. Be2 Bd6 8. d3
O-O 9. Nbd2 Qe7 10. a3 a5 11. O-O e5 12. h3 Bh5 13. Rfe1 e4 14. Nd4 Bg6 15.
dxe4 dxe4 16. Red1 Rfe8 17. Nf1 Nc5 18. b4 Nd3 19. c5 Bc7 20. b5 Nxb2 21. Qxb2
Qxc5 22. bxc6 bxc6 23. Rac1 Qe5 24. Rxc6 Bd6 25. Qc1 Rad8 26. Ra6 Bf8 27. a4
Bb4 28. Bb5 Rf8 29. Qc4 Qg5 30. Rc1 Nd5 31. Bc6 Ne7 32. Qb5 Qh4 33. Bd7 Rb8 34.
Rb6 Rxb6 35. Qxb6 Nd5 36. Qb5 Nf6 37. Nc6 Nxd7 38. Nxb4 axb4 39. Qxd7 Qf6 40.
Qb5 Qd6 41. Rc6 Qd1 42. Qxb4 Bh5 43. g4 Bg6 44. Rd6 Qf3 45. Ng3 h5 46. gxh5 Bf5
47. Qd4 1-0

[Event "XtraCon-Skakligaen"]
[Site "Denmark"]
[Date "2010.02.21"]
[Round "7.5"]
[White "Christensen, Stefan"]
[Black "Christensen, Tobias"]
[Result "0-1"]
[WhiteElo "2228"]
[BlackElo "2352"]
[PlyCount "80"]
[EventDate "2009.11.07"]
[EventType "team-tourn"]
[EventRounds "9"]
[WhiteTeam "Jetsmark"]
[BlackTeam "Aarhus/skolerne"]
[WhiteTeamCountry "DEN"]
[BlackTeamCountry "DEN"]

1. e4 c6 2. d4 d5 3. Nc3 dxe4 4. Nxe4 Nf6 5. Nxf6+ exf6 6. c3 Bd6 7. Bd3 Na6 8.
Ne2 Bg4 9. f3 Be6 10. Bxa6 bxa6 11. Bf4 O-O 12. Bxd6 Qxd6 13. O-O Rab8 14. b3
a5 15. Nc1 c5 16. dxc5 Qxc5+ 17. Qd4 Qxd4+ 18. cxd4 Rfd8 19. Ne2 a4 20. Rfc1 g5
21. Rc3 Rb4 22. Kf2 Rd7 23. Ke3 f5 24. f4 Re7 25. Kd3 Bd7 26. bxa4 Bxa4 27.
Rc8+ Kg7 28. Nc3 Rd7 29. Rc4 Bc2+ 30. Kxc2 Rxc4 31. Kb3 Rcxd4 32. fxg5 Rb7+ 33.
Kc2 Rc7 34. Rf1 Kg6 35. Kb3 Rd3 36. Rc1 Kxg5 37. Kb4 a5+ 38. Kb3 f4 39. Rc2 Kf5
40. Kb2 Re3 0-1

[Event "XtraCon-Skakligaen"]
[Site "Denmark"]
[Date "2010.02.21"]
[Round "7.6"]
[White "Boe, Mads"]
[Black "Wiwe, Andreas"]
[Result "1/2-1/2"]
[WhiteElo "2326"]
[BlackElo "2239"]
[PlyCount "43"]
[EventDate "2009.11.07"]
[EventType "team-tourn"]
[EventRounds "9"]
[WhiteTeam "Aarhus/skolerne"]
[BlackTeam "Jetsmark"]
[WhiteTeamCountry "DEN"]
[BlackTeamCountry "DEN"]

1. d4 d5 2. Nf3 Nf6 3. c4 dxc4 4. e3 e6 5. Bxc4 c5 6. Nc3 a6 7. a4 Nc6 8. O-O
cxd4 9. exd4 Nb4 10. Bg5 Be7 11. Re1 O-O 12. Qe2 Nfd5 13. Bxe7 Nxe7 14. Rad1
Ned5 15. Ne5 Bd7 16. Nxd5 Nxd5 17. Bxd5 exd5 18. b3 Bf5 19. Rc1 Rc8 20. Qf3 Be4
21. Qe3 f6 22. Nd3 1/2-1/2

[Event "XtraCon-Skakligaen"]
[Site "Denmark"]
[Date "2010.02.21"]
[Round "7.7"]
[White "Jensen, Bjarke"]
[Black "Pedersen, Finn"]
[Result "0-1"]
[WhiteElo "2253"]
[BlackElo "2334"]
[PlyCount "46"]
[EventDate "2009.11.07"]
[EventType "team-tourn"]
[EventRounds "9"]
[WhiteTeam "Jetsmark"]
[BlackTeam "Aarhus/skolerne"]
[WhiteTeamCountry "DEN"]
[BlackTeamCountry "DEN"]

1. e4 c6 2. d4 d5 3. Nc3 dxe4 4. Nxe4 Nd7 5. Ng5 Ndf6 6. N1f3 Bg4 7. c3 h6 8.
Nxf7 Bxf3 9. Qxf3 Kxf7 10. Bc4+ e6 11. O-O Ne7 12. Bd2 Ned5 13. Bb3 a5 14. Rae1
b5 15. Qh3 Qd7 16. f4 Re8 17. g4 Bd6 18. Bc2 g5 19. Qd3 gxf4 20. Qg6+ Ke7 21.
h3 Reg8 22. Qd3 h5 23. b3 hxg4 0-1